Statistiques concernant Calcul de lettres - n°1

Cliquez ici pour prendre le quiz!

Statistiques générales

  • Ce quiz a été pris 29 fois
  • Le résultat moyen est 7 sur 15

Statistiques - réponses

HintRéponse% Correct
A + B3
100%
C + N17
88%
T - K9
65%
L + L24
50%
X + R42
50%
D x F24
46%
O - H7
46%
S - P3
42%
U - B19
38%
J x E50
38%
Y + Z51
38%
M - G6
38%
F x C18
35%
H x H64
35%
O x O225
31%

Distribution des résultats

Percentile par nombre de réponses

% des personnes avec chaque résultat

Votre développement - résultats

Vous n’avez pas pris ce quiz